Noriega: toda la verdad /
Este libro es una especie de reportaje periodístico sobre el caso del General Noriega por un corresponsal en Panamá del Wall Street Journal. En el se describe la trayectoria de este personaje y sus encuentros y desencuentros con los servicios de inteligencia norteamericanos.
Guardado en:
| Hovedforfatter: | |
|---|---|
| Format: | Bog |
| Sprog: | spansk |
| Fag: | |
| Tags: |
Ingen Tags, Vær først til at tagge denne postø!
|
MARC
| LEADER | 00000nam^a2200000^a^4500 | ||
|---|---|---|---|
| 001 | 000038492 | ||
| 005 | 20250521000000.0 | ||
| 009 | 20260310085507.845 | ||
| 020 | |a 970-05-0047-0 | ||
| 037 | |a Acervo ITESO - Biblioteca | ||
| 041 | |a ESP | ||
| 082 | |a 320. 97285 |b KEM | ||
| 100 | |a Kempe, Frederick |e (autor) | ||
| 245 | 1 | 0 | |a Noriega: toda la verdad / |c F. Kempe; tr. por: J. M. Pomares. |
| 264 | |a México : |b Grijalbo, |c 1990 | ||
| 300 | |a 637 p. | ||
| 336 | |a texto |b txt |2 rdacontenido | ||
| 337 | |a sin mediación |b n |2 rdamedio | ||
| 338 | |a volumen |b nc |2 rdasoporte | ||
| 500 | |a Traducción de: Divorcing the Dictator | ||
| 520 | |a Este libro es una especie de reportaje periodístico sobre el caso del General Noriega por un corresponsal en Panamá del Wall Street Journal. En el se describe la trayectoria de este personaje y sus encuentros y desencuentros con los servicios de inteligencia norteamericanos. | ||
| 649 | |a XX | ||
| 650 | |a Panamá - |x Condiciones Políticas | ||
| 650 | |a Políticos Panameños - |x Biografías | ||
| 650 | |a Narcotráfico | ||
| 650 | |a América Central - |x Condiciones Políticas | ||
| 910 | |a Fondo General | ||
| 920 | |a Impresos - Libros | ||
| 930 | |a Colección General | ||
| 905 | |a 101 | ||
| 901 | |a 0384920100 |b IT1 |c ACC |i 038492 |u 20250521 | ||
| 902 | |a https://opac.biblio.iteso.mx/vufind/Record/000038492 | ||